00589nam a22002057a 450000500170000001000130001702000220003003500130005203700160006504000120008108200160009310000160010924500700012526000410019527000400023630000330027650000210030965000220033065000310035220170124105922.0 aA-689069 c00.00a8185195528 aA-689069 bCen Lib/Ret aDPLbEN a306.91bJOS aJoshi, K.G. aMass marriage in Karnataka :cby K.G. Joshibsociological study / aCalcutttabMinerva associates c1973 bCalcutta a7-B, Lake place e700029 axviii,121p.;c21cm(Hb)bill. aIncludes index  aSocial condition  aMass marriage zKarnataka